K niektorým koncepčným a metodologickým otázkam informačného zabezpečenia vnútropodnikového chozrasčotu účtovníctvom a možnosti jeho zdokonalenia v duchu prestavby hospodárskeho mechanizmu v ČSSR

Salvato in:
Dettagli Bibliografici
Autore principale: Maděra, František
Natura: Capitolo di libro
Lingua:slovacco
Tags: Aggiungi Tag
Nessun Tag, puoi essere il primo ad aggiungerne!!

MARC

LEADER 00000naa$a2200000$$$4500
001 0109231
005 20240502072215.9
041 0 |a slo 
044 |a SK 
245 1 0 |a K niektorým koncepčným a metodologickým otázkam informačného zabezpečenia vnútropodnikového chozrasčotu účtovníctvom a možnosti jeho zdokonalenia v duchu prestavby hospodárskeho mechanizmu v ČSSR  |c František Maděra 
100 1 |a Maděra, František